Catálogo

Vista normal Vista MARC

Entrada Personal Name

Número de registros utilizados en: 1

001 - CONTROL NUMBER

  • control field: 16951

003 - CONTROL NUMBER IDENTIFIER

  • control field: DLC

005 - DATE AND TIME OF LATEST TRANSACTION

  • control field: 20250407105243.0

008 - FIXED-LENGTH DATA ELEMENTS

  • fixed length control field: 100809n| acannaabn |a aaa c

010 ## - LIBRARY OF CONGRESS CONTROL NUMBER

  • LC control number: no2010128903

035 ## - SYSTEM CONTROL NUMBER

  • System control number: (OCoLC)oca08586171

040 ## - CATALOGING SOURCE

  • Original cataloging agency: MX-SlUA
  • Language of cataloging: spa
  • Transcribing agency: Mx-PuUPA
  • Modifying agency: Mx-PuUPA
  • Description conventions: rda

100 1# - HEADING--PERSONAL NAME

  • Personal name: Arredondo González, Ma. Magdalena,
  • Fuller form of name: (María Magdalena)

374 ## - OCCUPATION

  • Occupation: Autor

375 ## - GENDER

  • Gender: mujer

377 ## - ASSOCIATED LANGUAGE

  • Language code: spa

400 1# - SEE FROM TRACING--PERSONAL NAME

  • Personal name: González, Ma. Magdalena Arredondo
  • Fuller form of name: (María Magdalena Arredondo)

400 1# - SEE FROM TRACING--PERSONAL NAME

  • Personal name: Arredondo González, María Magdalena

670 ## - SOURCE DATA FOUND

  • Source citation: Contabilidad y análisis de costos, c2005:
  • Information found: t.p. (Ma. Magdalena Arredondo González)